|
|
|
|
| LEADER |
00620cam a2200181 7i4500 |
| 001 |
0000041769 |
| 005 |
20200124090000.0 |
| 008 |
120212 eng |
| 020 |
|
|
|a 9780750685122 (pbk.)
|
| 090 |
0 |
0 |
|a T385
|b .Y37 2007
|
| 100 |
1 |
|
|a Yarwood, Alf
|
| 245 |
1 |
0 |
|a Introduction to AutoCAD 2008 :
|b 2D and 3D design
|c Alf Yarwood.
|
| 260 |
|
|
|a Amsterdam:
|b Newnes,
|c 2007.
|
| 300 |
|
|
|a xii, 358 p.:
|b ill. (chiefly col.);
|c 25 cm.
|
| 500 |
|
|
|a Includes index
|
| 650 |
0 |
0 |
|a AutoCAD
|
| 997 |
|
|
|a Engineering & Life Sciences, Faculty
|b Engineering, Department
|
| 999 |
|
|
|a 0000025548
|b BOK
|c OPEN SHELF
|e 1st Floor, Shah Alam
|